000 00704nam a2200289Ia 4500
005 20260324124932.0
008 008 260324s9999 xx 000 0 eng d
020 _a9780203872055
037 _aEBOOK
040 _aCRL
040 _beng
040 _cCRL
041 _2eng
041 _aeng
084 _qCRL
100 _aHassimi Oumarou Maiga
_91176069
245 0 _aBalancing Written History with Oral Tradition
245 4 _bThe Legacy of the Songhoy People
260 _bTaylor and Francis
260 _c2009
365 _a
365 _b255
856 _uhttp://www.taylorfrancis.com/books/9780203872055
942 _cEBOOK
999 _c1770886
_d1770886